Столица и усадьба. 1913-1917 (Запись № 243639)

Подробности
000 -МАРКЕР
контрольное поле 01186nam2a2200253 4500
001 - ИДЕНТИФИКАТОР ЗАПИСИ
контрольное поле RU\NLR\bibl\1252422
005 - ИДЕНТИФИКАТОР ВЕРСИИ
контрольное поле 20250615124256.0
010 ## - МЕЖДУНАРОДНЫЙ СТАНДАРТНЫЙ НОМЕР КНИГИ (ISBN)
Номер (ISBN) 978-5-901841-52-4
Тираж 620
021 ## - НОМЕР ГОСУДАРСТВЕННОЙ РЕГИСТРАЦИИ
Код страны Российская Федерация
Номер 2008-39690
Номер Листа государственной регистраци 2188
035 ## - ДРУГИЕ СИСТЕМНЫЕ НОМЕРА
Идентификатор записи (NLR Aleph) 001238492
100 ## - ДАННЫЕ ОБЩЕЙ ОБРАБОТКИ
Данные общей обработки 20080714d2008 |||y0rusy50 ca
101 0# - ЯЗЫК РЕСУРСА
Язык текста, звукозаписи и т.д. русский
102 ## - СТРАНА ПУБЛИКАЦИИ ИЛИ ПРОИЗВОДСТВА
Страна публикации Российская Федерация
105 ## - ПОЛЕ КОДИРОВАННЫХ ДАННЫХ: ТЕКСТОВЫЕ МАТЕРИАЛЫ, МОНОГРАФИЧЕСКИЕ
Кодированные данные о монографическом текстовом документе a |||||||||
200 0# - ЗАГЛАВИЕ И СВЕДЕНИЯ ОБ ОТВЕТСТВЕННОСТИ
Основное заглавие 1913-1917
210 ## - ПУБЛИКАЦИЯ, РАСПРОСТРАНЕНИЕ И ДР.
Дата издания, распространения и т.д. 2008
Место издания, распространения и т.д. Б. м.
215 ## - ФИЗИЧЕСКАЯ ХАРАКТЕРИСТИКА
Специфическое обозначение материала и объем 158, [1] с.
Другие сведения о физической характеристике факс.
320 ## - ПРИМЕЧАНИЯ О НАЛИЧИИ В ДОКУМЕНТЕ БИБЛИОГРАФИИ / УКАЗАТЕЛЯ
Текст примечания Указатели: имен, лиц, изображ. на портретах, усадеб и окрест. столицы, предм.-темат.: с. 123-159
461 #0 - УРОВЕНЬ НАБОРА
Встроенное поле 001RU\NLR\bibl\1291095
-- 2001#$aСтолица и усадьба$v1913-1917
Системный номер (АБИС) связанной записи 473600
Место публикации Санкт-Петербург
Дата публикации 2008
Первые сведения об ответственности сост. Ф.М. Лурье
Имя издателя, распространителя и т.д. Коло
Сведения, относящиеся к заглавию хронологическая роспись содержания : [аннотированный хронологический указатель содержания журнала "Столица и усадьба"]
Заглавие Столица и усадьба
Номер тома 1913-1917
801 #0 - ИСТОЧНИК ЗАПИСИ
Страна Российская Федерация
Организация NLR
Дата составления 20080714
Правила каталогизации RCR
801 #1 - ИСТОЧНИК ЗАПИСИ
Страна Российская Федерация
Организация NLR
Дата составления 20080714
942 ## - ДОПОЛНИТЕЛЬНЫЕ ЭЛЕМЕНТЫ ЗАПИСИ (АБИС)
Тип экземпляра АБИС Книга
980 ## - КОЛЛЕКЦИЯ
Название коллекции Национальная библиография
Экземпляры
Тип экземпляра Дата поступления Источник поступления Стоимость Библиотека постоянного хранения Библиотека текущего хранения Место хранения Штрих-код Статус экземпляра Шифр хранения
Книга 09.06.2008 Покупка 250.00 РНБ (Московский) РНБ (Московский) Обменный фонд 1-4329769    
Книга 14.07.2008 Обязательный экземпляр   РНБ (Московский) РНБ (Московский) Центральная справочная библиотека 1-1180306   С 2008-2/352
Книга 14.07.2008 Обязательный экземпляр   РНБ (Московский) РНБ (Московский) Центральная справочная библиотека 1-1180307   С 2008-2/352
Книга 23.07.2008 Покупка 260.00 РНБ (Московский) РНБ (Московский) Русский журнальный фонд, подручный 2722187    
Книга 23.07.2008 Покупка 260.00 РНБ (Московский) РНБ (Московский) Подручный фонд ЦСБ 2722189    
Книга 23.07.2008 Покупка 260.00 РНБ (Московский) РНБ (Московский) Подручный фонд ЦСБ 2722190    
Книга 23.07.2008 Покупка 260.00 РНБ (Садовая) РНБ (Садовая) Подсобный фонд дежурного по электронным каталогам 2722188    
Книга 25.03.2019 Покупка 288.00 РНБ (Садовая) РНБ (Садовая) Фонд международного книгообмена 1-2642503 Доставлен в Фoнд